Gestión 2003

Furkejuvvon:
Bibliográfalaš dieđut
Searvvušdahkki: Universidad Católica del Norte (Dahkki)
Materiálatiipa: Girji
Giella:espánnjágiella
Almmustuhtton: Antofagasta Planeta 2004
Fáttát:
Fáddágilkorat: Lasit fáddágilkoriid
Eai fáddágilkorat, Lasit vuosttaš fáddágilkora!

MARC

LEADER 00000cam a2200000 a 4500
001 UCH4939
003 CL-VaPUC
008 090910e20040500CL |||||||||||||||||spa|d
082 0 4 |a 378  |b UNI  |2 21 
110 2 |a Universidad Católica del Norte  |e author  |9 541007 
245 1 0 |a Gestión 2003 
300 |a 429 p 
942 |c BK 
945 |d 20090910 00:00:00  |a dcastane 
260 |a Antofagasta  |b Planeta  |c 2004 
650 0 |a Universidades chilenas  |9 407335 
651 7 |a CHILE  |2 CL-VaPUC  |9 541008 
651 7 |a ANTOFAGASTA  |2 CL-VaPUC  |9 319270 
583 |a last modification  |c 20160404 11:23:02  |k Rodrigo Vera 
999 |c 336170  |d 336168 
952 |0 0  |1 0  |3 erb  |4 0  |6 378_000000000000000_UNI_2004  |7 0  |8 ED_SUP  |9 427147  |a BIBGIM  |b BIBGIM  |c S_PSTGRDO  |i 4598946  |o 378 UNI 2004  |p 4598946  |r 2025-01-15  |w 2019-11-22  |y BK  |z Catalogado en:20160303  |k ESU